Intermediate microeconomics : (Record no. 7630)

MARC details
000 -LEADER
fixed length control field 00653nam a22002057a 4500
003 - CONTROL NUMBER IDENTIFIER
control field OSt
005 - DATE AND TIME OF LATEST TRANSACTION
control field 20260121025931.0
008 - FIXED-LENGTH DATA ELEMENTS--GENERAL INFORMATION
fixed length control field 260121b |||||||| |||| 00| 0 eng d
020 ## - INTERNATIONAL STANDARD BOOK NUMBER
International Standard Book Number 0-393-96842-1.
040 ## - CATALOGING SOURCE
Original cataloging agency DWC-Main lib.
Transcribing agency OC
082 ## - DEWEY DECIMAL CLASSIFICATION NUMBER
Edition number 4th ed.
Classification number Circ. 338.5 V311 1996
100 ## - MAIN ENTRY--PERSONAL NAME
Personal name Varian, Hal R.
245 ## - TITLE STATEMENT
Title Intermediate microeconomics :
Remainder of title a modern approach 4th ed./
Statement of responsibility, etc. Hal R. Varian
260 ## - PUBLICATION, DISTRIBUTION, ETC.
Place of publication, distribution, etc. N. Y. :
Name of publisher, distributor, etc. W.W. Norton & Company,
Date of publication, distribution, etc. c1996.
300 ## - PHYSICAL DESCRIPTION
Extent XXXIV, various paging :
Other physical details illustration ;
Dimensions 24 cm.
504 ## - BIBLIOGRAPHY, ETC. NOTE
Bibliography, etc. note Includes index.
650 ## - SUBJECT ADDED ENTRY--TOPICAL TERM
Topical term or geographic name entry element 1. Microeconomics.
760 ## - MAIN SERIES ENTRY
Edition 4th ed.
942 ## - ADDED ENTRY ELEMENTS (KOHA)
Source of classification or shelving scheme Dewey Decimal Classification
Koha item type Book Circulation
Edition 4th ed.
Classification part Circ.
Suppress in OPAC No
952 ## - LOCATION AND ITEM INFORMATION (KOHA)
--
Holdings
Withdrawn status Lost status Source of classification or shelving scheme Damaged status Not for loan Home library Current library Shelving location Date acquired Source of acquisition Cost, normal purchase price Total Checkouts Full call number Barcode Date last seen Copy number Price effective from Koha item type Uniform Resource Identifier
    Dewey Decimal Classification     College Library College Library Circulation 04/24/2007 School Fund 160.00   Circ. 338.5 V311 1996 CL44493 01/21/2026 c1 01/21/2026 BK-CIRC